Indian Classical Instruments - Statistics

General Stats
  • This quiz has been taken 57 times
  • The average score is 6 of 13
Answer Stats
Picture Answer % Correct
Violin
100%
Tabla
81%
Sitar
76%
Veena
74%
Flute
64%
Harmonium
60%
Tanpura
45%
Mridangam
36%
Sarangi
24%
Sarod
17%
Nadaswaram
12%
Swarmandal
10%
Ghatak
5%
No matching quizzes found
Score Distribution
Percent of People with Each Score
Percentile by Number Answered
Your Score History
You have not taken this quiz